| 000 | 01135cam a2200325 4500 | ||
|---|---|---|---|
| 001 | L117862 | ||
| 008 | 020508n2002 000 0 eng u | ||
| 020 | _a1870325982 | ||
| 020 | _a0849316014 | ||
| 035 | _a(Sirsi) u117862 | ||
| 041 | _aeng | ||
| 050 |
_a526.982 _c18 |
||
| 100 | _aGraham, Ron | ||
| 245 | _aDigital aerial survey: theory and practice | ||
| 260 |
_aLatheronwheel _bWhittles Publishing _aBocca Raton _bCRC Press _c2002 |
||
| 300 |
_aviii,248p. _c24cm. |
||
| 350 | _a70 | ||
| 520 | _aCovers from first principles digital imaging technology and aerial survey practice and in so doing illustrates the advantages of digital cameras against analogue systems. Discusses both economics and limitations of digital surveys. | ||
| 520 | _a Includes CD-ROM "Geotechnologies" (L145143) which is not available for loan. | ||
| 650 | _aAERIAL PHOTOGRAPHY | ||
| 650 | _aAERIAL SURVEY | ||
| 650 | _aDIGITAL IMAGING | ||
| 650 | _aDIGITAL PHOTOGRAPHY | ||
| 650 | _aLAND SURVEYING | ||
| 650 | _aPHOTOGRAMMETRY | ||
| 650 | _aREMOTE SENSING | ||
| 690 |
_aGEOMATICS _96242 |
||
| 700 | _aKoh, Alexander | ||
| 942 | _n0 | ||
| 999 |
_c102063 _d102063 |
||